000 00703nam a2200241Ia 4500
003 OSt
005 20221005045510.0
006 a|||||r|||| 00| 0
007 ta
008 221004b |||||||| |||| 00| 0 ben d
024 _a22843
037 _bGift, 13/10/2015,
_cTextual
040 _aCRL
_cCRL
_bben
041 _2ben
_aben
082 _aO157,3N08,PU, P9
100 _aDas Arup Kumar
_9593677
245 0 _aPutulnacher itikatha
_b Jibantrisha mrityur byatha
260 _aKolkata
_bAnanmika India
_c2009
300 _a227p.
_ccm.
650 _aBENGALI LITERATURE
942 _hO157,3N08,PU, P9
_cTEXL
_2cc
999 _c955147
_d955147